000 00317nam a22001457a 4500
008 210512b ||||| |||| 00| 0 eng d
020 _a9780393924565
041 _aeng
080 _a82
082 _a82
100 _a21
101 _aGJL
245 _aThe Norton Anthology of World Literature
942 _2udc
_cBK
999 _c57294
_d57294